#1 Billboard Hits Throughout the 70's - Statistics

General Stats
  • This quiz has been taken 130 times
  • The average score is 5 of 10
Answer Stats
Year Artist Song % Correct
1970 Simon & Garfunkel "Bridge Over Troubled Water"
81%
1979 The Knack "My Sharona"
65%
1973 Tony Orlando and Dawn "Tie a Yellow Ribbon Round the Ole Oak Tree"
64%
1971 Three Dog Night "Joy to the World"
61%
1975 Captain & Tennille "Love Will Keep Us Together"
59%
1974 Barbra Streisand "The Way We Were"
39%
1976 Wings "Silly Love Songs"
36%
1978 Andy Gibb "Shadow Dancing"
35%
1977 Rod Stewart "Tonight's the Night (Gonna be Alright)"
35%
1972 Roberta Flack "The First Time Ever I Saw Your Face"
28%
No matching quizzes found
Score Distribution
Percent of People with Each Score
Percentile by Number Answered
Your Score History
You have not taken this quiz